'I' Cartoon Characters by Picture Quiz Stats

 Plays Quiz Updated Jul 10, 2017

Support Sporcle.
Go Orange.
Score 0/16 Timer 05:00
6 Plays Today
Character % Correct
Incredible Hulk
87.8%
Inspector Gadget
86.4%
Iron Man
85.9%
Iago
73.4%
Itchy
72.5%
Invisible Woman
59.9%
Igor
58.5%
Ice King
45.6%
Character % Correct
Ivysaur
44.7%
Ichabod Crane
43.5%
Ike Broflovski
42.9%
Isa Iguana
24.5%
Iroh
22.1%
Inuyasha
18.6%
I.R. Baboon
15%
Ickis
12%

You're not logged in!

Compare scores with friends on all Sporcle quizzes.
OR
Log In
Forgot?

From the Vault

Actors by Movies

by enough

This quiz gives you the chance to be your own mini IMDb.
Remove Ads.
Support Sporcle.
Get the best of Sporcle when you Go Orange. This ad-free experience offers more features, more stats, and more fun while also helping to support Sporcle. Thank you for becoming a member.

Show Comments

Extras

Top Quizzes Today


Score Distribution

Your Account Isn't Verified!

In order to create a playlist on Sporcle, you need to verify the email address you used during registration. Go to your Sporcle Settings to finish the process.

Report this User

Report this user for behavior that violates our Community Guidelines.

Details: